Statement of fees and allowances payable to general medical pratitioners in England and Wales : 1996 edition prepared under Regulations 34 of the National Health Service (General Medical Services) Regulations 1992, as amended. (Record no. 102131)

MARC details
000 -LEADER
fixed length control field 01256cam a2200229 4500
001 - CONTROL NUMBER
control field WS118316
008 - FIXED-LENGTH DATA ELEMENTS--GENERAL INFORMATION
fixed length control field #DATE n 000 0 eng u
035 ## - SYSTEM CONTROL NUMBER
System control number (Sirsi) u118316
110 ## - MAIN ENTRY--CORPORATE NAME
Corporate name or jurisdiction name as entry element Department of Health
9 (RLIN) 662
245 ## - TITLE STATEMENT
Title Statement of fees and allowances payable to general medical pratitioners in England and Wales : 1996 edition prepared under Regulations 34 of the National Health Service (General Medical Services) Regulations 1992, as amended.
520 ## - SUMMARY, ETC.
Summary, etc. Website of the NHS "red book" setting out the remuneration which may be made to general medical practitioners in England and Wales. Part II gives information on the "rent and rates scheme", the purpose of which is to reimburse practitioners the rent and rates of practice accommodation by reference to what each practitioner pays or is deemed to pay.
650 ## - SUBJECT ADDED ENTRY--TOPICAL TERM
Topical term or geographic name entry element DOCTORS
650 ## - SUBJECT ADDED ENTRY--TOPICAL TERM
Topical term or geographic name entry element GENERAL MEDICAL SERVICES
650 ## - SUBJECT ADDED ENTRY--TOPICAL TERM
Topical term or geographic name entry element GENERAL PRACTITIONERS
650 ## - SUBJECT ADDED ENTRY--TOPICAL TERM
Topical term or geographic name entry element MEDICAL PRACTITIONERS
650 ## - SUBJECT ADDED ENTRY--TOPICAL TERM
Topical term or geographic name entry element NATIONAL HEALTH SERVICE
650 ## - SUBJECT ADDED ENTRY--TOPICAL TERM
Topical term or geographic name entry element PROFESSIONAL FEES
690 ## - LOCAL SUBJECT ADDED ENTRY--TOPICAL TERM (OCLC, RLIN)
Topical term or geographic name as entry element MANAGEMENT-BUSINESS MANAGEMENT-PROFESSIONAL PRACTICE
710 ## - ADDED ENTRY--CORPORATE NAME
Corporate name or jurisdiction name as entry element NAFW
9 (RLIN) 3812
856 ## - ELECTRONIC LOCATION AND ACCESS
Uniform Resource Identifier <a href="https://www.redbook.i12.com/rb/Docs/rb2.htm">https://www.redbook.i12.com/rb/Docs/rb2.htm</a>
Public note View the item free of charge at www.redbook.i12.com...
942 ## - ADDED ENTRY ELEMENTS (KOHA)
Suppress in OPAC 0
Holdings
Withdrawn status Lost status Source of classification or shelving scheme Damaged status Not for loan Home library Current library Shelving location Date acquired Total Checkouts Full call number Barcode Date last seen Copy number Price effective from Koha item type
    Dewey Decimal Classification     Virtual Virtual Online 07/06/2002   ONLINE PUBLICATION 118316-2001 06/08/2019 1 06/08/2019 Book